Estatísticas para Cabo Verde

Clique aqui para jogar o quiz

Estatísticas Gerais

  • Esse quiz foi jogado 23 vezes
  • A pontuação média é 8 de 14

Estatísticas das Respostas

HintResposta% Correto
Qual é o seu idioma?Português
88%
Qual é a sua capital?Praia
88%
Onde fica?África
81%
O que representam as dez estrelas na bandeira do país?Ilhas
63%
Qual é o prato típico do país?Cachupa
56%
Qual é o idioma local?Crioulo
56%
Qual é a sua religião?Cristianismo
56%
Em que ilha fica a capital do país?Santiago
56%
Qual é o maior vulcão ativo do país?Pico do Fogo
50%
Por que ilhas é formado?10
44%
Que cantora caboverdiana é conhecida como a diva dos pés descalços?Cesária Évora
44%
Como se chama a sua moeda?Escudo cabo-verdiano
44%
Qual é a menor ilha do país?Santa Luzia
31%
Qual é o seu código ISO?CPV
25%

Distribuição das Pontuações

Percentil de Números Respondidos

Porcentagem de Pessoas com Cada Pontuação

Sua Pontuação Histórica

Você não jogou esse quiz